| 000 | 00569nam a2200265Ia 4500 | ||
|---|---|---|---|
| 005 | 20260401122409.0 | ||
| 008 | 008 250103s9999 xx 000 0 eng d | ||
| 037 | _aTB | ||
| 040 | _aEDL | ||
| 040 | _beng | ||
| 040 | _cEDL | ||
| 041 | _2eng | ||
| 041 | _aeng | ||
| 084 | _a291.303 GUI | ||
| 084 | _qEDL | ||
| 245 | 0 | _aNew Larousse Encyclopedia of Mythology | |
| 260 | _aNew York | ||
| 260 | _bCresent Books | ||
| 260 | _c1987 | ||
| 300 | _a500p | ||
| 942 | _cTB | ||
| 942 | _h291.303 GUI | ||
| 999 |
_c1847007 _d1847007 |
||